000 00678nam a2200181Ia 4500
008 100921s9999 xx 000 0 und d
082 _b33222
_a891.462041 थ 82
100 _aबोरकर कमलाकर.
245 _aमारून मुटकुन.
260 _bत्रदिल प्र्रकाशन,मुंबई.
_c1982
300 _a24
_bमॅजेस्टीक प्रकाशन,पुणे.
365 _b8
520 _aललित-एकांकिका.
630 _aमारून मुटकुन.
650 _aललित-एकांकिका.
730 _aमारून मुटकुन.
942 _cBOOK
999 _c782335
_d782332